Quizzes
Events
Quiz Creation
Community
Videos
Private Events
Remove Ads
Sign In
Join for FREE
Feedback
Dark Mode
Quiz Categories
Sports
Geography
Music
Movies
Television
Just For Fun
Miscellaneous
History
Literature
Language
Science
Gaming
Entertainment
Religion
Holiday
For Kids
Quiz Lab
Recent
Popular Today
Quiz Kudos Today
Editor Picks
Curator Picks
Quizzes by...
Day
Popularity
Type
Ratings
Length
Year
Community
Subscriptions
Recent Discussions
Orange Saloon
Badges
Playlists
Quests
Create
Leaderboards
Showdown
Live 5
Trivia Bingo
Activity
Puzzle Library
Sporcle Events
Private Events
Virtual Trivia
Globe League
Become a Host
Pub Owners
SporcleCon
Opinionation
Our Games
Videos
Blog
Mobile Apps
Partnerships
Remove Ads and Go Orange
Feedback
Just For Fun
Clickable
Get the Picture
Humor
Quick Pick
Word Ladder
Missing Word
Mixed Word
Blitz
Minefield
This or That
Alphabet
Color
Typing
Sporcle
Puzzle
Word Play
Follow That Line
Logic
Just For Fun
Clickable
Get the Picture
Humor
Quick Pick
Word Ladder
Missing Word
Mixed Word
Blitz
Minefield
This or That
Alphabet
Color
Typing
Sporcle
Puzzle
Word Play
Follow That Line
Logic
Random Quiz
Search Sporcle
×
Quiz Lab
Quiz Lab
Just For Fun
minute
Type in answers that appear in a list
Type in answers that appear in a list
Classic
Best Score? Go Orange.
Speeding Numbers! Stats
Can you name the numbers (in words) from 1-100 in a minute?
By
Forrest4545cymru
60s
100 Questions
90 Plays
90 Plays
90 Plays
Comments
Comments
Give Quiz Kudos
Give Quiz Kudos
-
- Ratings
hide this ad
Replay
Link that replays current quiz
Next Quiz
Link to next quiz in quiz playlist
You Got
0%
They Got
Avg Score
52%
Avg Friend Score
Upgrade to see
Score Distribution
Jump to the score distribution portion of the page
Score
0/100
Timer
01:00
0
Plays Today
Number (in words)
% Correct
12
83.3%
10
81.1%
11
77.8%
13
74.4%
14
72.2%
15
71.1%
16
71.1%
34
71.1%
18
70%
17
68.9%
19
67.8%
22
67.8%
32
67.8%
21
66.7%
20
65.6%
23
65.6%
31
64.4%
24
63.3%
25
63.3%
26
63.3%
27
63.3%
28
63.3%
29
63.3%
35
63.3%
30
62.2%
36
62.2%
39
62.2%
56
62.2%
37
61.1%
38
61.1%
33
60%
42
60%
41
58.9%
43
58.9%
Number (in words)
% Correct
45
58.9%
40
57.8%
47
57.8%
51
57.8%
52
57.8%
53
57.8%
54
57.8%
55
57.8%
44
56.7%
46
56.7%
48
56.7%
50
56.7%
57
56.7%
58
56.7%
59
55.6%
49
54.4%
61
53.3%
62
53.3%
65
52.2%
78
52.2%
60
51.1%
66
51.1%
63
50%
64
50%
67
50%
68
50%
77
50%
69
47.8%
71
47.8%
76
47.8%
70
46.7%
72
46.7%
74
45.6%
79
45.6%
Number (in words)
% Correct
73
44.4%
75
44.4%
81
44.4%
87
44.4%
82
43.3%
84
43.3%
86
43.3%
85
42.2%
80
41.1%
83
41.1%
88
41.1%
89
41.1%
91
41.1%
1
37.8%
2
37.8%
98
36.7%
99
36.7%
97
35.6%
3
34.4%
90
34.4%
92
33.3%
93
33.3%
94
33.3%
95
33.3%
96
32.2%
4
31.1%
5
31.1%
6
31.1%
7
31.1%
8
30%
9
30%
100
30%
Quiz Playlist
Details
Report
Send in Message
Add To Playlist
Classic:
Type in answers that appear in a list
Last Updated: Feb 16, 2017
Quiz Scoreboard
CHALLENGE
Sign Up to Join the Scoreboard
Show All
Scores
Hide
Comments
May contain spoilers
Recently Published
Presidents Visiting Landmarks
by Hejman
History
7m
An Introduction to Baseball
by treessimontrees
Sports
5m
Movies - When Are They Set?
by FPL_Elf
Movies
5m
More to Explore
Quiz From the Vault
Featured Blog Post
Where Did the Easter Bunny Come From?
hide this ad
You Might Also Like...
Tags
minute
Speeding
Today's Top Quizzes in Just For Fun
Browse Just For Fun
hide this ad
Today's Top Quizzes in minute
Browse minute
Top Contributed Quizzes in Just For Fun
1
Killer Double Trees 224 - Colour Match-Up
2
Spring Typing Challenge
3
Crossword Whiteout! 49
4
Zeroing In: Just For Fun
5
Harry Potter Logic - 'In Chains' II
6
Survivor Winners Logic Puzzle
7
Word Ladder: Ahoy Matey
8
Kyle's 122nd Triple Trees
9
Who Wants to be a Millionaire? (CLICKABLE)
10
Word Ladder: Wilderness Weapon
Explore More
Trending Topics
Disney
Anime
Harry Potter
Crossword
Marvel
Kpop
NBA
Country
Song
Puzzle
NFL
Pokémon
Soccer
The Office
WWE
hide this ad
More By:
Forrest4545cymru
Quiz
Plays
Rating
Category
Featured
Created
Phineas and Ferb Theme Tune!
734
4.67
Just For Fun
Aug 19, 2012
Premier and Championship!- Football
359
3.67
Sports
Aug 12, 2012
Bones, Bones and More Bones!
317
3.00
Science
Aug 12, 2012
What costs what at Tesco?
227
2.00
Just For Fun
Aug 8, 2012
Name the Artist (2000-2012)
204
4.50
Music
Aug 8, 2012
Go to Creator's Profile
Score Distribution
Quiz Creator Spotlight
Forrest4545cymru
Follow
Send a Message
Quizzes Created
-
Created Quiz Play Count
-
More By This Creator
Popular Quizzes Today
1
Find the US States - No Outlines Minefield
2
Find the Countries of Europe - No Outlines Minefield
3
The Countries of the World
4
Find the US States
5
Popular People in 1961
6
US States
7
Risky Map Clicking: Biggest States A-Z
8
Movies - When Are They Set?
More Just For Fun Quizzes
Word Ladder: Brontë Novel
Published
Trending Quizzes
Risky Map Clicking: Least Populous States A-Z
1-10 Letter G Words
1-10 Letter F Words
Risky Map Clicking: Next State Alphabetically
Risky Map Clicking: Biggest States A-Z
Recently Updated
Leaping Animals
pecheneg
Reality TV Shows (A-Z)
bhenderson79
Rickey Henderson's Hall of Fame Teammates
pecheneg
Champions League XIs: Arsenal
pecheneg
Quick Pick: Celebrities in WWE's Hall of Fame
aduchscher
A-Z Keypad Blitz II
pecheneg
Multiple Oscar Actors
pecheneg
Mystery Phrase Blitz: Oscar 'Best Actors'
pecheneg
F. Scott Fitzgerald Novels
LTH
Pick 3 Villains
ddd62291
Trending Topics
Anime
Marvel
Crossword
Harry Potter
NBA
Kpop
Disney
NFL
Song
Puzzle
Soccer
Pokémon
Country
WWE
The Office
Your Account Isn't Verified!
In order to create a playlist on Sporcle, you need to verify the email address you used during registration. Go to your
Sporcle Settings
to finish the process.
Report this User
Report this user for behavior that violates our
Community Guidelines
.
Details:
Send Report
Go to the Sporcle.com Mobile Site →
Comments